Product patents and pharmaceutical industry (Record no. 18606)

MARC details
000 -LEADER
fixed length control field 00594nam a2200181Ia 4500
082 ## - DEWEY DECIMAL CLASSIFICATION NUMBER
Classification number RL.0029
100 ## - MAIN ENTRY--AUTHOR NAME
Personal name Lalitha, N.
245 #0 - TITLE STATEMENT
Title Product patents and pharmaceutical industry
260 ## - PUBLICATION, DISTRIBUTION, ETC. (IMPRINT)
Year of publication 2001
Name of publisher Indian Council of Social Science Research, New Delhi
300 ## - PHYSICAL DESCRIPTION
Number of Pages 92p.
504 ## - BIBLIOGRAPHY, ETC. NOTE
Bibliography, etc References at the end.
650 ## - SUBJECT ADDED ENTRY--TOPICAL TERM
Topical Term DRUG INDUSTRY//PHARMACEUTICAL INDUSTRY
650 ## - SUBJECT ADDED ENTRY--TOPICAL TERM
Topical Term DRUG TRADE//PHARMACEUTICAL INDUSTRY
650 ## - SUBJECT ADDED ENTRY--TOPICAL TERM
Topical Term DRUGS - PATENTS - GUJARAT
650 ## - SUBJECT ADDED ENTRY--TOPICAL TERM
Topical Term PHARMACEUTICAL INDUSTRY - GUJARAT
710 ## - ADDED ENTRY--CORPORATE NAME
Corporate name or jurisdiction name as entry element Gujarat Institute of Development Research, Ahmedabad
942 ## - ADDED ENTRY ELEMENTS (KOHA)
Koha item type Research Reports
Source of classification or shelving scheme Dewey Decimal Classification
Holdings
Withdrawn status Lost status Damaged status Not for loan Collection code Home library Current library Date acquired Bill Date Full call number Accession Number Price effective from Koha item type
      Not For Loan ICSSR Research Project Reports NASSDOC Library NASSDOC Library 08/10/2004 2004-10-05 RL.0029 38373 18/04/2019 Research Reports